[Event "Asia-ch U20"]
[Site "Waskaduwa"]
[Date "2021.12.19"]
[Round "5"]
[White "Liyanage, Ranindu Dilshan"]
[Black "Raghunandan, Kaumandur Srihari"]
[Result "0-1"]
[WhiteElo "2300"]
[BlackElo "2448"]
[PlyCount "108"]
[EventDate "2021.12.17"]
[EventType "swiss"]
[EventRounds "9"]
[EventCountry "SRI"]
[SourceTitle "CBM 206 Extra"]
[Source "ChessBase"]
[SourceDate "2022.03.31"]
[SourceVersion "1"]
[SourceVersionDate "2022.03.31"]
[SourceQuality "1"]

1. e4 c5 2. Nf3 d6 3. d4 cxd4 4. Nxd4 Nf6 5. Nc3 Nbd7 6. Be3 g6 7. f3 a6 8. Qd2 h5 9. a4 Qc7 10. Be2 Bg7 11. 0-0 h4 12. a5 h3 13. g3 b5 14. axb6 Nxb6 15. Na4 Nxa4 16. Rxa4 0-0 17. Qa5 Qd7 18. Rc4 Ra7 19. Rd1 Rb7 20. Nb3 Rb5 21. Qa3 d5 22. Ra4 Qc7 23. c4 dxc4 24. Bxc4 Rb8 25. Rc1 Qd8 26. Rb4 Rxb4 27. Qxb4 Nd7 28. Nd4 Ne5 29. Be2 a5 30. Qa3 Bb7 31. Rd1 Qc7 32. Rc1 Qd8 33. Rd1 Qa8 34. Bf2 Rd8 35. Qxe7 Rd7 36. Qh4 Ba6 37. Bxa6 Qxa6 38. Rf1 Rxd4 39. Bxd4 Qe2 40. Qxh3 Nxf3+ 41. Kh1 Nxd4 42. Qg2 Qe3 43. Rd1 Be5 44. Rf1 Kg7 45. Rd1 Kg8 46. Rf1 Kg7 47. Rd1 a4 48. Rf1 Nb3 49. Rd1 Nc5 50. Rd5 Nxe4 51. Rxe5 Nf2+ 52. Kg1 Nh3+ 53. Kf1 Qxe5 54. Qxh3 Qxb2 0-1

[Event "Titled Tuesday intern op 27th Apr"]
[Site "Chess.com INT"]
[Date "2021.04.27"]
[Round "3"]
[White "Golubenko, Valentina"]
[Black "Raghunandan, Kaumandur Srihari"]
[Result "0-1"]
[WhiteElo "2209"]
[BlackElo "2448"]
[PlyCount "96"]
[EventDate "2021.04.27"]
[EventType "swiss (blitz)"]
[EventRounds "11"]
[EventCountry "USA"]
[SourceTitle "CBM 202 Extra"]
[Source "ChessBase"]
[SourceDate "2021.07.31"]
[SourceVersion "1"]
[SourceVersionDate "2021.07.31"]
[SourceQuality "1"]

1. d4 Nf6 2. g3 g6 3. Bg2 d5 4. c4 Bg7 5. cxd5 Nxd5 6. Nc3 Nb6 7. Nf3 0-0 8. 0-0 Na6 9. h3 c5 10. e3 Bf5 11. e4 Bd7 12. d5 Nc4 13. Qe2 Ne5 14. Nd2 Nb4 15. a3 Nc2 16. Rb1 Nd4 17. Qe3 Nc2 18. Qe2 b5 19. Nxb5 Qb6 20. Nc3 Nd4 21. Qe3 Nc2 22. Qe2 Nd4 23. Qe3 c4 24. Nxc4 Nxc4 25. Qd3 Rfc8 26. b3 Ne5 27. Qe3 Nef3+ 28. Kh1 Nc2 29. Qxb6 axb6 30. Ne2 Nfd4 31. Nxd4 Nxd4 32. Be3 Rxa3 33. Rfc1 Rxc1+ 34. Rxc1 Nb5 35. Bxb6 Rxb3 36. Be3 f5 37. exf5 gxf5 38. Bg5 Kf8 39. Re1 Bf6 40. Bxf6 exf6 41. h4 Rb2 42. Kg1 Nd6 43. Bf3 f4 44. Kg2 fxg3 45. Kxg3 Nf5+ 46. Kf4 Rxf2 47. Re3 Nxe3 48. Kxe3 Rh2 0-1

[Event "Titled Tuesday intern op 27th Apr"]
[Site "Chess.com INT"]
[Date "2021.04.27"]
[Round "4"]
[White "Raghunandan, Kaumandur Srihari"]
[Black "Arakhamia Grant, Ketevan"]
[Result "1-0"]
[WhiteElo "2448"]
[BlackElo "2380"]
[PlyCount "81"]
[EventDate "2021.04.27"]
[EventType "swiss (blitz)"]
[EventRounds "11"]
[EventCountry "USA"]
[SourceTitle "CBM 202 Extra"]
[Source "ChessBase"]
[SourceDate "2021.07.31"]
[SourceVersion "1"]
[SourceVersionDate "2021.07.31"]
[SourceQuality "1"]

1. Nf3 Nf6 2. g3 g6 3. Bg2 Bg7 4. 0-0 0-0 5. b3 d6 6. Bb2 e5 7. c4 c5 8. d3 Nc6 9. Ne1 Nh5 10. Nc3 f5 11. Nd5 f4 12. a3 Be6 13. b4 Qd7 14. Rb1 Bh3 15. bxc5 dxc5 16. Nf3 Bxg2 17. Kxg2 b6 18. Nd2 Ne7 19. Nxe7+ Qxe7 20. Ne4 Rad8 21. a4 Nf6 22. Qc2 Nxe4 23. dxe4 f3+ 24. exf3 Qf7 25. Qb3 Rd2 26. Rbd1 Rfd8 27. Rxd2 Rxd2 28. Rd1 Qd7 29. Rxd2 Qxd2 30. Qc3 Qe2 31. Bc1 h5 32. h4 Qd1 33. Be3 Qxa4 34. Qd3 Qe8 35. f4 Kh7 36. fxe5 Qxe5 37. f4 Qb2+ 38. Kf3 a5 39. e5 a4 40. f5 Qxe5 41. fxg6+ 1-0

[Event "Titled Tuesday intern op 14th April"]
[Site "Chess.com INT"]
[Date "2020.04.14"]
[Round "7"]
[White "Antolak, Julia"]
[Black "Raghunandan, Kaumandur Srihari"]
[Result "0-1"]
[WhiteElo "2323"]
[BlackElo "2448"]
[PlyCount "120"]
[EventDate "2020.04.14"]
[EventType "swiss (blitz)"]
[EventRounds "10"]
[EventCountry "USA"]
[SourceTitle "EXT 2021"]
[Source "ChessBase"]
[SourceDate "2020.10.23"]
[SourceVersion "1"]
[SourceVersionDate "2020.10.23"]
[SourceQuality "1"]

1. e4 c5 2. Nf3 d6 3. d4 cxd4 4. Nxd4 Nf6 5. Nc3 a6 6. Bg5 e6 7. f4 Qc7 8. Qf3 Nbd7 9. 0-0-0 Be7 10. g4 b5 11. Bxf6 gxf6 12. Kb1 Bb7 13. Bd3 Nc5 14. f5 b4 15. Nce2 e5 16. Nb3 Nxd3 17. Qxd3 a5 18. Ng3 Kf8 19. Nh5 a4 20. Nc1 Rc8 21. Rd2 Qc4 22. Qe3 h6 23. Re1 a3 24. b3 Qb5 25. Ng3 Rc3 26. Qe2 Qxe2 27. Rexe2 Rg8 28. Nd3 Rxg4 29. Nxb4 h5 30. Rd3 Rxd3 31. cxd3 h4 32. Nf1 Rg1 33. Re1 Bd8 34. Nc2 Ba5 35. b4 Bb6 36. Nxa3 d5 37. Kc2 dxe4 38. dxe4 Bf2 39. Rc1 Bxe4+ 40. Kb3 Bd3 41. Rc8+ Ke7 42. Nd2 Bxf5 43. Rc7+ Ke6 44. Nac4 Bd4 45. b5 e4 46. Rc6+ Ke7 47. Rc7+ Kd8 48. Rxf7 e3 49. Nf3 Rb1+ 50. Ka4 e2 51. Ncd2 Rb2 52. Nb3 Bc3 53. b6 Bd3 54. a3 Be4 55. Ne1 Bxe1 56. b7 Bxb7 57. Rxb7 Bc3 58. Rb8+ Kc7 59. Re8 e1Q 60. Rxe1 Bxe1 0-1

[Event "Titled Tuesday intern op 14th April"]
[Site "Chess.com INT"]
[Date "2020.04.14"]
[Round "4"]
[White "Atanejhad, Sahebali"]
[Black "Raghunandan, Kaumandur Srihari"]
[Result "0-1"]
[WhiteElo "2123"]
[BlackElo "2448"]
[PlyCount "104"]
[EventDate "2020.04.14"]
[EventType "swiss (blitz)"]
[EventRounds "10"]
[EventCountry "USA"]
[SourceTitle "EXT 2021"]
[Source "ChessBase"]
[SourceDate "2020.10.23"]
[SourceVersion "1"]
[SourceVersionDate "2020.10.23"]
[SourceQuality "1"]

1. e4 c5 2. Nf3 d6 3. d4 cxd4 4. Nxd4 Nf6 5. Nc3 a6 6. Be3 e5 7. Nb3 Be6 8. Qd2 Be7 9. f3 h5 10. 0-0-0 Nbd7 11. h3 Rc8 12. Kb1 Qc7 13. Bd3 h4 14. Rhe1 b5 15. f4 Nb6 16. fxe5 dxe5 17. Bxb6 Qxb6 18. Nd5 Bxd5 19. exd5 Rh5 20. Be2 Rf5 21. d6 Rd8 22. Bd3 Rxd6 23. Qc3 Rg5 24. Qc8+ Rd8 25. Qc3 b4 26. Qc4 a5 27. Qb5+ Qxb5 28. Bxb5+ Kf8 29. Nxa5 Rxd1+ 30. Rxd1 Rxg2 31. Nc6 g6 32. Nxe5 Rg3 33. Bf1 Bc5 34. Nd3 Bd6 35. Nc1 Ke7 36. Ne2 Re3 37. Nd4 Nh5 38. Be2 Nf4 39. Bf1 Bc5 40. Nc6+ Kf6 41. Nd8 Nxh3 42. Bxh3 Rxh3 43. Rf1+ Ke5 44. Nxf7+ Kd5 45. Ng5 Rg3 46. Rd1+ Kc6 47. Ne4 Rg2 48. Nxc5 Kxc5 49. a3 bxa3 50. bxa3 h3 51. Kb2 h2 52. a4 Rg1 0-1

[Event "Titled Tuesday intern op 14th April"]
[Site "Chess.com INT"]
[Date "2020.04.14"]
[Round "9"]
[White "Nasuta, Grzegorz"]
[Black "Raghunandan, Kaumandur Srihari"]
[Result "0-1"]
[WhiteElo "2558"]
[BlackElo "2448"]
[PlyCount "60"]
[EventDate "2020.04.14"]
[EventType "swiss (blitz)"]
[EventRounds "10"]
[EventCountry "USA"]
[SourceTitle "EXT 2021"]
[Source "ChessBase"]
[SourceDate "2020.10.23"]
[SourceVersion "1"]
[SourceVersionDate "2020.10.23"]
[SourceQuality "1"]

1. e4 c5 2. Nf3 d6 3. Bb5+ Nd7 4. 0-0 a6 5. Bd3 Ngf6 6. Re1 e6 7. c3 b5 8. Bc2 Bb7 9. d4 Be7 10. Qe2 0-0 11. Bg5 h6 12. Bh4 Re8 13. Nbd2 Nf8 14. e5 dxe5 15. dxe5 Nd5 16. Bxe7 Qxe7 17. Ne4 Red8 18. Nd6 Bc6 19. Be4 f6 20. c4 bxc4 21. Nxc4 f5 22. Bc2 Ng6 23. Nd6 Ndf4 24. Qc4 Bxf3 25. Nxf5 Qg5 26. Ng3 Bd5 27. Qc3 Nxg2 28. Be4 Nxe1 29. Bxd5 Rxd5 30. Rxe1 Qd2 0-1

[Event "Titled Tuesday intern op 14th April"]
[Site "Chess.com INT"]
[Date "2020.04.14"]
[Round "3"]
[White "Raghunandan, Kaumandur Srihari"]
[Black "Barp, Alberto"]
[Result "1-0"]
[WhiteElo "2448"]
[BlackElo "2375"]
[PlyCount "33"]
[EventDate "2020.04.14"]
[EventType "swiss (blitz)"]
[EventRounds "10"]
[EventCountry "USA"]
[SourceTitle "EXT 2021"]
[Source "ChessBase"]
[SourceDate "2020.10.23"]
[SourceVersion "1"]
[SourceVersionDate "2020.10.23"]
[SourceQuality "1"]

1. e4 c6 2. d4 d5 3. e5 Bf5 4. Nd2 e6 5. Nb3 c5 6. dxc5 Bxc5 7. Nxc5 Qa5+ 8. c3 Qxc5 9. Be3 Qc7 10. f4 Ne7 11. Nf3 Nd7 12. Be2 0-0 13. 0-0 Rac8 14. Nd4 Be4 15. Nb5 Qa5 16. Nd6 Rc7 17. b4 1-0

[Event "Titled Tuesday intern op 14th April"]
[Site "Chess.com INT"]
[Date "2020.04.14"]
[Round "5"]
[White "Raghunandan, Kaumandur Srihari"]
[Black "Narayanan, Sunilduth Lyna"]
[Result "1/2-1/2"]
[WhiteElo "2448"]
[BlackElo "2618"]
[PlyCount "88"]
[EventDate "2020.04.14"]
[EventType "swiss (blitz)"]
[EventRounds "10"]
[EventCountry "USA"]
[SourceTitle "EXT 2021"]
[Source "ChessBase"]
[SourceDate "2020.10.23"]
[SourceVersion "1"]
[SourceVersionDate "2020.10.23"]
[SourceQuality "1"]

1. d4 Nf6 2. c4 g6 3. Nf3 Bg7 4. Nc3 d5 5. cxd5 Nxd5 6. e4 Nxc3 7. bxc3 c5 8. Be3 Bg4 9. Be2 0-0 10. 0-0 Qa5 11. Qb3 cxd4 12. cxd4 Nc6 13. Rad1 Qb6 14. d5 Qxb3 15. axb3 Nb4 16. Rc1 Rfc8 17. Rxc8+ Rxc8 18. Bxa7 Rc3 19. Bc4 b5 20. Bxb5 Rxb3 21. Be2 Nd3 22. h3 Bxf3 23. Bxf3 Be5 24. Be3 Kg7 25. Rd1 f6 26. Be2 Nf4 27. Bf1 g5 28. g3 Ng6 29. Rc1 Bxg3 30. Bc4 Ra3 31. Bc5 Ra5 32. Bb6 Bf4 33. Bxa5 Bxc1 34. Bc3 Bf4 35. Be2 Be5 36. Bd2 Bf4 37. Bc3 Bd6 38. Bg4 Be5 39. Bd2 Nh4 40. Be3 Bd6 41. Kf1 Ng6 42. Ke2 Ne5 43. Be6 h5 44. f4 Nc4 1/2-1/2

[Event "Titled Tuesday intern op 14th April"]
[Site "Chess.com INT"]
[Date "2020.04.14"]
[Round "8"]
[White "Raghunandan, Kaumandur Srihari"]
[Black "Quparadze, Giga"]
[Result "0-1"]
[WhiteElo "2448"]
[BlackElo "2463"]
[PlyCount "136"]
[EventDate "2020.04.14"]
[EventType "swiss (blitz)"]
[EventRounds "10"]
[EventCountry "USA"]
[SourceTitle "EXT 2021"]
[Source "ChessBase"]
[SourceDate "2020.10.23"]
[SourceVersion "1"]
[SourceVersionDate "2020.10.23"]
[SourceQuality "1"]

1. e4 c5 2. Nf3 e6 3. g3 a6 4. Bg2 b5 5. 0-0 Bb7 6. Re1 d6 7. d4 cxd4 8. Nxd4 Qc7 9. Nc3 Nd7 10. f4 Ngf6 11. a4 bxa4 12. Rxa4 Be7 13. Nb3 0-0 14. Na5 Nc5 15. Ra1 Rfd8 16. Qe2 e5 17. Be3 Ne6 18. Nd5 Nxd5 19. exd5 Nc5 20. b4 Nd7 21. Nc6 Bf6 22. Nxd8 Rxd8 23. Rac1 Qc3 24. Qd2 Qc4 25. Qd3 Qxb4 26. Rb1 Qa5 27. Bd2 Qc7 28. fxe5 Bxe5 29. Be3 Bc8 30. Rb3 Nc5 31. Qc4 h6 32. Bxc5 dxc5 33. Rd3 Bd6 34. Kh1 a5 35. Be4 Bd7 36. Rde3 a4 37. Bd3 a3 38. Qb3 Rb8 39. Qxa3 c4 40. Qc3 cxd3 41. Qxc7 Bxc7 42. Rxd3 Bd6 43. c4 Rc8 44. Rc1 Bc5 45. Kg2 Bf5 46. Rb3 Be4+ 47. Kf1 Kf8 48. Ke2 Ke7 49. Kd2 Kd6 50. Ra1 Bd4 51. Ra6+ Ke5 52. Rb4 Bc5 53. Rba4 Kd4 54. Rc6 Rb8 55. Ra2 Rb1 56. Rc7 Bb4+ 57. Ke2 Bd3+ 58. Kf3 Rf1+ 59. Kg2 Rf6 60. Rf2 Bxc4 61. Rxf6 gxf6 62. Rxf7 Bxd5+ 63. Kh3 Bxf7 64. Kg4 Bg6 65. Kf4 h5 66. h4 Bd6+ 67. Kf3 Be4+ 68. Ke2 Bf5 0-1

[Event "Wch U20 58th"]
[Site "New Delhi"]
[Date "2019.10.17"]
[Round "3"]
[White "Raghunandan, Kaumandur Srihari"]
[Black "Kollars, Dmitrij"]
[Result "1/2-1/2"]
[WhiteElo "2449"]
[BlackElo "2587"]
[PlyCount "61"]
[EventDate "2019.10.15"]
[EventType "swiss"]
[EventRounds "11"]
[EventCountry "IND"]
[SourceTitle "CBM 192 Extra"]
[Source "Chessbase"]
[SourceDate "2019.11.06"]
[SourceVersion "1"]
[SourceVersionDate "2019.11.06"]
[SourceQuality "1"]

1. c4 Nf6 2. Nc3 e6 3. e4 d5 4. e5 d4 5. exf6 dxc3 6. bxc3 Qxf6 7. d4 b6 8. Be2 Bb7 9. Bf3 Bxf3 10. Nxf3 Bd6 11. 0-0 0-0 12. Bg5 Qg6 13. Qa4 f6 14. Bh4 Qe8 15. Qc2 Nd7 16. Rfe1 Qf7 17. Qe4 e5 18. Qc6 Rae8 19. Bg3 Re6 20. Qa4 Re7 21. Rad1 Rfe8 22. dxe5 fxe5 23. Ng5 Qf5 24. Ne4 Nc5 25. Nxd6 cxd6 26. Qc6 Nb7 27. Qa4 Nc5 28. Qc6 Nb7 29. Qa4 Nc5 30. Qc6 Nb7 31. Qa4 1/2-1/2

[Event "Wch U20 58th"]
[Site "New Delhi"]
[Date "2019.10.16"]
[Round "2"]
[White "Raghunandan, Kaumandur Srihari"]
[Black "Flores Quillas, Diego Saul Rodrigo"]
[Result "1-0"]
[WhiteElo "2449"]
[BlackElo "2164"]
[PlyCount "95"]
[EventDate "2019.10.15"]
[EventType "swiss"]
[EventRounds "11"]
[EventCountry "IND"]
[SourceTitle "CBM 192 Extra"]
[Source "Chessbase"]
[SourceDate "2019.11.06"]
[SourceVersion "1"]
[SourceVersionDate "2019.11.06"]
[SourceQuality "1"]

1. d4 Nf6 2. c4 c5 3. d5 e6 4. Nc3 exd5 5. cxd5 d6 6. e4 g6 7. Nge2 Bg7 8. Ng3 0-0 9. Be2 Re8 10. 0-0 a6 11. a4 Nbd7 12. h3 Rb8 13. Bg5 Qc7 14. Qd2 c4 15. Rac1 b5 16. axb5 axb5 17. b4 Qb7 18. Ra1 Ne5 19. Be3 Bd7 20. f4 Nd3 21. Bxd3 cxd3 22. Qxd3 Rbc8 23. Ra7 Qb8 24. Rxd7 Nxd7 25. Nxb5 h5 26. Rb1 Nf6 27. Na7 Rc7 28. Nc6 Qc8 29. b5 h4 30. b6 Rd7 31. Nf1 Nxe4 32. Rc1 Qa8 33. Nd2 Nxd2 34. Bxd2 Qa4 35. Rb1 Rb7 36. Kh2 Ra8 37. f5 Qa6 38. Qe4 Rxb6 39. Rxb6 Qxb6 40. fxg6 Qc7 41. Bg5 Qd7 42. Qxh4 fxg6 43. Ne7+ Kf7 44. Qh7 Rb8 45. Qxg6+ Kf8 46. Bf6 Bxf6 47. Qxf6+ Ke8 48. Nc6 1-0

[Event "Wch U18"]
[Site "Mumbai"]
[Date "2019.10.11"]
[Round "10"]
[White "Raghunandan, Kaumandur Srihari"]
[Black "Omorjan, Dejan"]
[Result "1-0"]
[WhiteElo "2449"]
[BlackElo "2252"]
[PlyCount "91"]
[EventDate "2019.10.02"]
[EventType "swiss"]
[EventRounds "11"]
[EventCountry "IND"]
[SourceTitle "EXT 2020"]
[Source "ChessBase"]
[SourceDate "2019.10.17"]
[SourceVersion "1"]
[SourceVersionDate "2019.10.17"]
[SourceQuality "1"]

1. e4 c6 2. d4 d5 3. e5 Bf5 4. Nd2 e6 5. Nb3 Nd7 6. Nf3 Ne7 7. Be2 Nc8 8. a4 Be7 9. 0-0 0-0 10. Be3 Bg4 11. Ne1 Bxe2 12. Qxe2 Ncb6 13. Nd2 a5 14. Nd3 Rc8 15. Qg4 f5 16. exf6 Rxf6 17. Nf4 Nf8 18. Nf3 Nc4 19. Ne5 Nxe5 20. dxe5 Rf7 21. c4 d4 22. Rad1 c5 23. Bc1 Qd7 24. b3 Rf5 25. Rfe1 Bd8 26. Nd3 b6 27. Qe4 h5 28. g3 Qc6 29. f4 Qxe4 30. Rxe4 Nh7 31. h3 g5 32. Rf1 gxf4 33. Rexf4 Rg5 34. Kh2 Bc7 35. Rh4 Rg7 36. Rxh5 Rf8 37. Rxf8+ Nxf8 38. Rg5 Ng6 39. h4 Kh7 40. h5 Nxe5 41. Rxe5 Bxe5 42. Nxe5 Rg8 43. Kg2 Rd8 44. g4 d3 45. Bd2 Rd4 46. Kf3 1-0

[Event "Wch U18"]
[Site "Mumbai"]
[Date "2019.10.07"]
[Round "7"]
[White "Gaurav, Rajesh Zagade"]
[Black "Raghunandan, Kaumandur Srihari"]
[Result "1/2-1/2"]
[WhiteElo "2053"]
[BlackElo "2449"]
[PlyCount "158"]
[EventDate "2019.10.02"]
[EventType "swiss"]
[EventRounds "11"]
[EventCountry "IND"]
[SourceTitle "EXT 2020"]
[Source "ChessBase"]
[SourceDate "2019.10.17"]
[SourceVersion "1"]
[SourceVersionDate "2019.10.17"]
[SourceQuality "1"]

1. Nf3 g6 2. d4 Bg7 3. c4 d6 4. g3 c5 5. Bg2 Nc6 6. d5 Na5 7. Qc2 Nf6 8. Nc3 0-0 9. Nd2 e5 10. 0-0 Ne8 11. a3 b6 12. b4 Nb7 13. e4 f5 14. exf5 gxf5 15. Bb2 Bd7 16. f4 e4 17. Nd1 Nf6 18. b5 Qe8 19. Ne3 Qg6 20. Rfe1 Kf7 21. Kf2 Rg8 22. a4 a6 23. Bc3 a5 24. Rg1 Ke7 25. Qb2 Raf8 26. Bf1 Qh6 27. Rh1 Nh5 28. Ng2 e3+ 29. Nxe3 Bxc3 30. Qxc3 Nxg3 31. hxg3 Qxh1 32. Nf3 Qh6 33. Nh4 Kd8 34. Be2 Kc7 35. Rh1 Nd8 36. Bf3 Qf6 37. Qxf6 Rxf6 38. Be2 Nf7 39. Bd3 Nh6 40. Bc2 Kd8 41. Re1 Rg7 42. Kf3 Re7 43. Rh1 Ke8 44. Bb1 Kf8 45. Bc2 Kg7 46. Bb1 Re8 47. Bc2 Ref8 48. Bb1 Be8 49. Nhg2 Bg6 50. Bc2 R6f7 51. Bb1 Rf6 52. Bc2 R6f7 53. Bb1 Re8 54. Bc2 Ng4 55. Bd3 h6 56. Rh4 Nxe3 57. Nxe3 Rfe7 58. Ng2 h5 59. Rh1 Kf6 60. Kf2 Kg7 61. Rh4 Kf7 62. Rh1 Kf6 63. Rh4 Kf7 64. Rh1 Kg7 65. Rh4 Kf6 66. Rh1 Bf7 67. Rh4 Rg8 68. Rh3 Be8 69. Ne3 Bg6 70. Ng2 Ree8 71. Rh4 Rg7 72. Ne3 Rge7 73. Ng2 Rg7 74. Ne3 Rge7 75. Ng2 Rg7 76. Ne3 Rge7 77. Ng2 Rg8 78. Ne3 Rge8 79. Ng2 Rg7 1/2-1/2

[Event "Wch U18"]
[Site "Mumbai"]
[Date "2019.10.03"]
[Round "3"]
[White "Panesar, Vedant"]
[Black "Raghunandan, Kaumandur Srihari"]
[Result "0-1"]
[WhiteElo "2219"]
[BlackElo "2449"]
[PlyCount "138"]
[EventDate "2019.10.02"]
[EventType "swiss"]
[EventRounds "11"]
[EventCountry "IND"]
[SourceTitle "EXT 2020"]
[Source "ChessBase"]
[SourceDate "2019.10.17"]
[SourceVersion "1"]
[SourceVersionDate "2019.10.17"]
[SourceQuality "1"]

1. e4 c5 2. Nf3 d6 3. d4 cxd4 4. Nxd4 Nf6 5. Nc3 a6 6. Be3 e6 7. f3 b5 8. Qd2 h5 9. 0-0-0 Bb7 10. Kb1 Nbd7 11. Bd3 Rc8 12. Rhe1 Be7 13. h3 b4 14. Nce2 d5 15. exd5 Nxd5 16. Nf4 Nc5 17. Bc4 Nxf4 18. Bxf4 0-0 19. Be5 Qb6 20. Qf4 Rfd8 21. Qg3 Bf8 22. Bf6 Rd7 23. Nb3 Rxd1+ 24. Rxd1 Nxb3 25. axb3 Bd5 26. Bd3 Bb7 27. Re1 Rc5 28. Bd4 Qc7 29. Be5 Qd8 30. h4 Rd5 31. Qf2 Bc6 32. g4 Rxd3 33. cxd3 Qxd3+ 34. Qc2 Qxf3 35. gxh5 Bb5 36. Ka1 Bd3 37. Qc7 Qd5 38. Rg1 Qxb3 39. Qa5 Bc4 40. h6 g6 41. h5 g5 42. Rxg5+ Kh7 43. Rg1 Bxh6 44. Bd4 Bf4 45. Rg7+ Kh6 46. Rg1 f5 47. Bg7+ Kxh5 48. Kb1 Be3 49. Rh1+ Kg4 50. Bf8 Bd3+ 51. Ka1 Bb6 52. Qxb4+ Qxb4 53. Bxb4 f4 54. Be1 e5 55. Rh4+ Kf3 56. Bc3 Bd4 57. Bb4 Kg3 58. Rh8 f3 59. Rg8+ Kf2 60. Be7 Ke2 61. Bh4 f2 62. Bxf2 Bxf2 63. Re8 e4 64. b4 Kd2 65. Kb2 Bd4+ 66. Kb3 e3 67. Rg8 e2 68. Rg2 Kd1 69. Rg3 Bc2+ 0-1

[Event "Wch U18"]
[Site "Mumbai"]
[Date "2019.10.03"]
[Round "2"]
[White "Raghunandan, Kaumandur Srihari"]
[Black "Garidmagnai, Byambasuren"]
[Result "0-1"]
[WhiteElo "2449"]
[BlackElo "2327"]
[PlyCount "130"]
[EventDate "2019.10.02"]
[EventType "swiss"]
[EventRounds "11"]
[EventCountry "IND"]
[SourceTitle "EXT 2020"]
[Source "ChessBase"]
[SourceDate "2019.10.17"]
[SourceVersion "1"]
[SourceVersionDate "2019.10.17"]
[SourceQuality "1"]

1. e4 e6 2. d4 d5 3. Nc3 dxe4 4. Nxe4 Nd7 5. Nf3 Ngf6 6. Bg5 Be7 7. Nxf6+ Bxf6 8. h4 h6 9. Be3 b6 10. Bd3 Bb7 11. Qe2 Qe7 12. 0-0-0 0-0-0 13. Ba6 h5 14. Bf4 Nb8 15. Bxb7+ Kxb7 16. Rd3 Qd7 17. c4 Nc6 18. Qe4 Kb8 19. Rd2 Ne7 20. Rhd1 Qa4 21. b3 Qa5 22. Ne5 Bxe5 23. Bxe5 f6 24. Bh2 Qf5 25. Re2 Ng6 26. Bg3 Qxe4 27. Rxe4 Rhe8 28. f3 Kc8 29. Rde1 Kd7 30. Kc2 a6 31. Kc3 b5 32. R4e2 bxc4 33. bxc4 Rb8 34. Re4 Re7 35. R4e2 Ree8 36. Re4 Re7 37. R4e2 Ree8 38. Re3 a5 39. R3e2 Nf8 40. d5 Rb4 41. a3 Rb7 42. c5 c6 43. Bd6 e5 44. f4 Ng6 45. fxe5 fxe5 46. Rf2 cxd5 47. Rf7+ Kc6 48. Rxb7 Kxb7 49. Rb1+ Kc6 50. Rb6+ Kd7 51. Rb7+ Ke6 52. g3 Ne7 53. Rb6 d4+ 54. Kc4 Nd5 55. Rb7 Ne3+ 56. Kd3 Kd5 57. Rxg7 e4+ 58. Ke2 Nc4 59. Rg5+ Kc6 60. Rxh5 d3+ 61. Ke1 e3 62. Rh6 Kb5 63. Bf4 d2+ 64. Ke2 Rd8 65. Rd6 Rxd6 0-1

[Event "Wch U18"]
[Site "Mumbai"]
[Date "2019.10.02"]
[Round "1"]
[White "Arjun, C Krishnamachari"]
[Black "Raghunandan, Kaumandur Srihari"]
[Result "0-1"]
[WhiteElo "2123"]
[BlackElo "2449"]
[PlyCount "68"]
[EventDate "2019.10.02"]
[EventType "swiss"]
[EventRounds "11"]
[EventCountry "IND"]
[SourceTitle "EXT 2020"]
[Source "ChessBase"]
[SourceDate "2019.10.17"]
[SourceVersion "1"]
[SourceVersionDate "2019.10.17"]
[SourceQuality "1"]

1. e4 c5 2. Nf3 d6 3. d4 cxd4 4. Nxd4 Nf6 5. Nc3 a6 6. a3 g6 7. f3 Bg7 8. Bc4 b5 9. Ba2 Bb7 10. Be3 Nbd7 11. Qd2 h5 12. a4 b4 13. Nd5 Nxd5 14. Bxd5 Qc7 15. Qxb4 Bxd5 16. exd5 Rb8 17. Qd2 Qc4 18. b3 Qxd5 19. 0-0 0-0 20. Rad1 Rfc8 21. Qe2 Qb7 22. f4 e6 23. Nf3 Qc6 24. Bd4 Nf6 25. Rc1 Nd5 26. Bxg7 Kxg7 27. c4 Nxf4 28. Qd2 e5 29. c5 Rxb3 30. cxd6 Qb6+ 31. Kh1 Rxc1 32. Rxc1 Rd3 33. Qe1 Qxd6 34. Nxe5 Qd5 0-1

[Event "Asia-ch U20"]
[Site "Surakarta"]
[Date "2019.07.04"]
[Round "4"]
[White "Harahap, Yoga Pradafa"]
[Black "Raghunandan, Kaumandur Srihari"]
[Result "0-1"]
[WhiteElo "2267"]
[BlackElo "2441"]
[PlyCount "108"]
[EventDate "2019.07.02"]
[EventType "swiss"]
[EventRounds "9"]
[EventCountry "INA"]
[SourceTitle "CBM 191 Extra"]
[Source "ChessBase"]
[SourceDate "2019.09.30"]
[SourceVersion "1"]
[SourceVersionDate "2019.09.30"]
[SourceQuality "1"]

1. d4 Nf6 2. c4 g6 3. Nc3 Bg7 4. e4 d6 5. f4 0-0 6. Nf3 Na6 7. Be2 c5 8. d5 e6 9. 0-0 exd5 10. cxd5 Nc7 11. a4 Re8 12. Nd2 b6 13. Bf3 Ba6 14. Re1 Nd7 15. e5 dxe5 16. d6 Ne6 17. Bxa8 Qxa8 18. Nb5 Nxf4 19. Ne4 Ne6 20. Bg5 f6 21. Nc7 Nxc7 22. dxc7 Qc6 23. Bh6 Re6 24. Bxg7 Kxg7 25. Qb3 c4 26. Qb4 Qxc7 27. Rad1 Nc5 28. Nxc5 bxc5 29. Qd2 Bc8 30. Qd5 Rb6 31. Qxc4 Rxb2 32. Rc1 Qc6 33. Rc2 Be6 34. Qc3 Rxc2 35. Qxc2 c4 36. Rc1 Bd5 37. Qd2 Be4 38. Qa5 a6 39. Qd8 g5 40. a5 Bxg2 41. Qb6 Qe4 42. Qc7+ Kg6 43. Qxc4 Bf3 44. Qxe4+ Bxe4 45. Rc7 Bd3 46. Kf2 e4 47. Ke3 f5 48. Rc5 f4+ 49. Kf2 Kh5 50. Kg2 Kh4 51. Rd5 h5 52. Rd4 Kg4 53. Rd5 f3+ 54. Kf2 Kf4 0-1

[Event "Asia-ch U20"]
[Site "Surakarta"]
[Date "2019.07.04"]
[Round "5"]
[White "Raghunandan, Kaumandur Srihari"]
[Black "Nguyen, Anh Khoi"]
[Result "0-1"]
[WhiteElo "2441"]
[BlackElo "2516"]
[PlyCount "88"]
[EventDate "2019.07.02"]
[EventType "swiss"]
[EventRounds "9"]
[EventCountry "INA"]
[SourceTitle "CBM 191 Extra"]
[Source "ChessBase"]
[SourceDate "2019.09.30"]
[SourceVersion "1"]
[SourceVersionDate "2019.09.30"]
[SourceQuality "1"]

1. d4 Nf6 2. c4 g6 3. Nc3 Bg7 4. e4 d6 5. Be2 0-0 6. Nf3 Nbd7 7. 0-0 e5 8. Be3 Re8 9. d5 Nh5 10. g3 Bf8 11. Ne1 Ng7 12. Nd3 f5 13. f3 Be7 14. Qd2 a5 15. Bd1 Nf6 16. c5 fxe4 17. fxe4 Ng4 18. Bxg4 Bxg4 19. c6 bxc6 20. dxc6 Be6 21. Nd5 Bxd5 22. exd5 Nf5 23. Nf2 Qb8 24. Rab1 Qb5 25. Rfd1 Rf8 26. Qd3 Rab8 27. b3 a4 28. Ne4 Qxd3 29. Rxd3 Rb4 30. Nf2 Nxe3 31. Rxe3 Bg5 32. Re4 Rb5 33. h4 Bd2 34. b4 Bc3 35. Ng4 Rxd5 36. Rf1 Rxf1+ 37. Kxf1 Kf7 38. Rc4 Bd4 39. a3 Bb2 40. Ne3 Rb5 41. Nc2 d5 42. Rc5 Rxc5 43. bxc5 Ke6 44. Nb4 Bc3 0-1